Monsters at school / Laura Baker ; Nina Dzyvulska.
Available copies
- 1 of 1 copy available at LARL/NWRL Consortium. (Show)
- 1 of 1 copy available at Northwest Regional Library.
Current holds
0 current holds with 1 total copy.
Show Only Available Copies
| Location | Call Number / Copy Notes | Barcode | Shelving Location | Status | Due Date |
|---|---|---|---|---|---|
| Red Lake Falls Public Library | e BAK (Text) | 35500006803827 | Main | Available | - |
Record details
- ISBN: 0711286612
- ISBN: 9780711286610
- Physical Description: 30 unnumbered pages : chiefly color illustrations ... Read More
- Publisher: Beverly, MA : happy yak, 2024.
Content descriptions
| Summary, etc.: | "Fluffy monsters, scruffy monsters, monsters on ... Read More |
Search for related items by subject
| Subject: | Monsters > Juvenile fiction. Humorous stories. JUVENILE FICTION / School & Education. JUVENILE FICTION / Humorous Stories. |
| Genre: | Picture books. Stories in rhyme. |
| LDR | 02925cam a2200421 i 4500 | ||
|---|---|---|---|
| 001 | 443768 | ||
| 003 | LARL_NWRL_CONSORTIUM | ||
| 005 | 20240814140235.0 | ||
| 008 | 231008s2024 maua j 000 1 eng d | ||
| 040 | . | ‡aYDX ‡beng ‡erda ‡cYDX ‡dBDX ‡dOCLCO ‡dOCLCQ ‡dTOH ‡dOCLCO ‡dR$L ‡dYEP | |
| 020 | . | ‡a0711286612 ‡q(hardcover) | |
| 020 | . | ‡a9780711286610 ‡q(hardcover) | |
| 035 | . | ‡a(OCoLC)1402020670 | |
| 082 | 0 | 4. | ‡a823.92 ‡qOCoLC |
| 100 | 1 | . | ‡aBaker, Laura, ‡d1983- ‡eauthor. |
| 245 | 1 | 0. | ‡aMonsters at school / ‡cLaura Baker ; Nina Dzyvulska. |
| 260 | . | ‡aBeverly, MA : ‡bhappy yak, ‡c2024. | |
| 300 | . | ‡a30 unnumbered pages : ‡bchiefly color illustrations ; ‡c26 cm | |
| 336 | . | ‡atext ‡btxt ‡2rdacontent | |
| 336 | . | ‡astill image ‡bsti ‡2rdacontent | |
| 337 | . | ‡aunmediated ‡bn ‡2rdamedia | |
| 338 | . | ‡avolume ‡bnc ‡2rdacarrier | |
| 520 | . | ‡a"Fluffy monsters, scruffy monsters, monsters on their way. Rucksack monsters, turn-back monsters, off to school today! Children will love this super-fun title packed with hilarious monsters on their first day of school! Follow the sassy little monsters as they have class, go wild at recess, eat a messy monster lunch, and learn and play together - and watch out for the silly dog monster hiding on every page! Plenty to point out on every page, with playful, bright artwork and lots of amusing mishaps. Vibrant, contemporary style by Ukrainian illustrator Nina Dzyvulska. Energetic, wacky and characterful monsters. Good role models for little ones--monsters also clean up, do school work and calm down. See the monsters cause mayhem everywhere: at the school gates, in the cloakroom, in the classroom, on the playground, in the dining hall and in the bathroom. There are so many different monsters to spot within this kooky picture book. Kids can point out their favorites and gasp and giggle at the gobble monster, the yappy monster and the learn monster, to name a few! The simple narrative with fun wordplay and a gentle rhyme is perfect for reading aloud, ideal for kindergarteners and early readers as they build up their vocabulary and reading confidence. This bold, bright and playful book is sure to be enjoyed time and time again by young readers as they are thrilled by the funny escapades of the monsters at school!"--Amazon.ca. | |
| 650 | 0. | ‡aMonsters ‡vJuvenile fiction. ‡0(LARL_NWRL_CONSORTIUM)166253 | |
| 650 | 0. | ‡aHumorous stories. ‡0(LARL_NWRL_CONSORTIUM)22555 | |
| 650 | 7. | ‡aJUVENILE FICTION / School & Education. ‡2bisacsh | |
| 650 | 7. | ‡aJUVENILE FICTION / Humorous Stories. ‡2bisacsh | |
| 655 | 7. | ‡aPicture books. ‡2lcgft | |
| 655 | 7. | ‡aStories in rhyme. ‡2lcgft | |
| 700 | 1 | . | ‡aDzyvulska, Nina, ‡eillustrator. |
| 901 | . | ‡a443768 ‡bAUTOGEN ‡c443768 ‡tbiblio | |

Add to basket
Permalink
Disable Highlighting